000 00256nam a22001097a 4500
008 170116b xxu||||| |||| 00| 0 eng d
020 _a9780195391343
041 _aeng
080 _23RD
_a618.2
245 _aPALLIATIVE NURSING
_cFERRELL, B.R
942 _2udc
_cBK
999 _c2976
_d2976